Which Movie is Best - MCU Edition - Sudden Death - Statistics

General Stats
  • This quiz has been taken 29 times
  • The average score is 3 of 13
Answers on the Grid
Answers color-coded by a green-red scale on the quiz's grid according to % correct below.
Avengers: Infinity War
Ant-Man and the Wasp
Black Panther
Captain America: The First Avenger
Iron Man 2
Captain America: The Winter Soldier
Thor: Ragnarok
Captain Marvel
Guardians of the Galaxy Vol. 2
Thor
Iron Man
Spider-Man: Homecoming
The Incredible Hulk
Spider-Man: No Way Home
Doctor Strange
Guardians of the Galaxy
Iron Man 3
Deadpool & Wolverine
Thor: Love and Thunder
Thunderbolts
Captain America: Civil War
Thor: The Dark World
The Marvels
Eternals
The Avengers
Spider-Man: Far From Home
The Fantastic Four: First Steps
Avengers: Age of Ultron
Avengers: Endgame
Black Widow
Guardians of the Galaxy Vol. 3
Black Panther: Wakanda Forever
Doctor Strange in the Multiverse of Madness
Shang-Chi and the Legend of the Ten Rings
Ant-Man and the Wasp: Quantumania
Captain America: Brave New World
Spider-Man: Brand New Day?
Avengers: Doomsday?
Ant-Man
 
Answer Stats
Answer % Correct
Avengers: Infinity War
89%
Captain America: The Winter Soldier
53%
Iron Man
37%
Thor: Ragnarok
37%
Captain America: Civil War
21%
Guardians of the Galaxy
21%
Spider-Man: No Way Home
21%
Avengers: Endgame
11%
Guardians of the Galaxy Vol. 3
11%
Shang-Chi and the Legend of the Ten Rings
11%
The Avengers
11%
Thor: The Dark World
5%
Avengers: Doomsday?
0%
No matching quizzes found
Score Distribution
Percent of People with Each Score
Percentile by Number Answered
Your Score History
You have not taken this quiz